<?xml version="1.0" encoding="UTF-8"?>
<record
    xmlns:xsi="http://www.w3.org/2001/XMLSchema-instance"
    xsi:schemaLocation="http://www.loc.gov/MARC21/slim http://www.loc.gov/standards/marcxml/schema/MARC21slim.xsd"
    xmlns="http://www.loc.gov/MARC21/slim">

  <leader>07494cam a22004095a 4500</leader>
  <controlfield tag="001">17919765</controlfield>
  <controlfield tag="005">20160816145007.0</controlfield>
  <controlfield tag="008">131024s2015    moua   frbd   001 0 eng d</controlfield>
  <datafield tag="010" ind1=" " ind2=" ">
    <subfield code="a">  2013042535</subfield>
  </datafield>
  <datafield tag="020" ind1=" " ind2=" ">
    <subfield code="a">9781455737659 (pbk. : alk. paper)</subfield>
  </datafield>
  <datafield tag="020" ind1=" " ind2=" ">
    <subfield code="a">1455737658 (pbk. : alk. paper)</subfield>
  </datafield>
  <datafield tag="035" ind1=" " ind2=" ">
    <subfield code="a">(DNLM)101618673</subfield>
  </datafield>
  <datafield tag="040" ind1=" " ind2=" ">
    <subfield code="a">DNLM/DLC</subfield>
    <subfield code="b">eng</subfield>
    <subfield code="c">DLC</subfield>
    <subfield code="d">EG-ScBUE</subfield>
  </datafield>
  <datafield tag="042" ind1=" " ind2=" ">
    <subfield code="a">pcc</subfield>
  </datafield>
  <datafield tag="082" ind1="0" ind2="4">
    <subfield code="2">22</subfield>
    <subfield code="a">617.601</subfield>
    <subfield code="b">STE</subfield>
  </datafield>
  <datafield tag="100" ind1="1" ind2=" ">
    <subfield code="a">Stegeman, Cynthia A.</subfield>
    <subfield code="9">40780</subfield>
  </datafield>
  <datafield tag="245" ind1="1" ind2="4">
    <subfield code="a">The dental hygienist's guide to nutritional care /</subfield>
    <subfield code="c">Cynthia A. Stegeman, Judi Ratliff Davis.</subfield>
  </datafield>
  <datafield tag="250" ind1=" " ind2=" ">
    <subfield code="a">4th ed.</subfield>
  </datafield>
  <datafield tag="260" ind1=" " ind2=" ">
    <subfield code="a">Sant Louis, Missouri :</subfield>
    <subfield code="b">Elsevier Saunders,</subfield>
    <subfield code="c">2015.</subfield>
  </datafield>
  <datafield tag="300" ind1=" " ind2=" ">
    <subfield code="a">xvii, 450 p. :</subfield>
    <subfield code="b">ill. (chiefly col.) ;</subfield>
    <subfield code="c">28 cm.</subfield>
  </datafield>
  <datafield tag="500" ind1=" " ind2=" ">
    <subfield code="a">Index : p. 439-450.</subfield>
  </datafield>
  <datafield tag="500" ind1=" " ind2=" ">
    <subfield code="a">Glossary ; p. 432-433.</subfield>
  </datafield>
  <datafield tag="504" ind1=" " ind2=" ">
    <subfield code="a">Includes bibliographical references.</subfield>
  </datafield>
  <datafield tag="505" ind1="0" ind2=" ">
    <subfield code="a">pt. I. Orientation to basic nutrition: 1. Overview of healthy eating habits : Basic nutrition ; Physiological functions of nutrients ; Basic concepts of nutrition ; Government nutrition concerns ; Nutrient recommendations: dietary reference intakes ; Food guidance systems for Americans ; Dietary guidelines for Americans ; Myplate system ; Other food guides ; Nutrition labeling ; Health application 1: Obesity -- 2. Concepts in biochemistry : What is biochemistry? ; Fundamentals of biochemistry ; Principle biomolecules in nutrition ; Summary of metabolism ; Health application 2: Lactose intolerance -- 3. The alimentary canal: digestion and absorption : Physiology of the gastrointestinal tract ; Oral cavity ; Esophagus ; Gastric digestion ; Small intestine ; Large intestine ; Health application 3: Gluten-related disorders -- 4. Carbohydrate: the efficient fuel : Classification ; Physiological roles ; Requirements ; Sources ; Hyperstates and hypostates ; Nonnutritive sweeteners/sugar substitutes ; Health application 4: High-fructose corn syrup -- 5. Protein: the cellular foundation : Amino acids ; Classification ; Physiological roles ; Requirements ; Sources ; Underconsumption and health-related problems ; Overconsumption and health-related problems ; Health application 5: Vegetarianism -- 6. Lipids: the condensed energy : Classification ; Chemical structure ; Characteristics of fatty acids ; Compound lipids ; Cholesterol ; Physiological roles ; Dietary fats and dental health ; Dietary requirements ; Sources ; Overconsumption and health-related problems ; Underconsumption and health-related problems ; Fat replacers ; Health application 6: Hyperlipidemia --</subfield>
  </datafield>
  <datafield tag="505" ind1="0" ind2=" ">
    <subfield code="a">7. Use of the energy nutrients: metabolism and balance : Metabolism ; Role of the liver ; Role of the kidneys ; Carbohydrate metabolism ; Protein metabolism ; Lipid metabolism ; Alcohol metabolism ; Metabolic interrelationships ; Metabolic energy ; Basal metabolis rate ; Total energy requirements ; Energy balance ; Inadequate energy intake ; Health application 7: Diabetes Mellitus -- 8. Vitamins required for calcified structures : Overview of vitamins ; Vitamin A (retinol, carotene) ; Vitamin D (calciferol) ; Vitamin E (tocopherol) ; Vitamin K ; Vitamin C (ascorbic acid) ; Health application 8: Antioxidants -- 9. Minerals essential for calcified structures : Bone mineralization and growth ; Formation of teeth ; Introduction to minerals ; Calcium ; Phosphorus ; Magnesium ; Fluoride ; Health application 9: Osteoporosis -- 10. Nutrients present in calcified structures : Copper ; Selenium ; Chromium ; Manganese ; Molybdenum ; Ultratrace elements ; Health application 10: Alzheimer disease -- 11. Vitamins required for oral soft tissues and salivary glands : Physiology of soft tissues ; Thiamin (vitamin Bb1s) ; Riboflavin (vitamin Bb2s) ; Niacin (vitamin Bb3s) ; Pantothenic acid (vitamin Bb5s) ; Vitamin Bb6s (pyridoxine) ; Folate/folic acid ; Vitamin Bb12s (cobalamin) ; Biotine (vitamin Bb7s) ; Other vitamins ; Health application 11: Vitamin, mineral, and herbal supplements -- 12. Fluids and minerals required for oral soft tissues and salivary glands : Fluids ; Electrolytes ; Sodium ; Chloride ; Potassium ; Iron ; Zinc ; Iodine ; Health application 12: Hypertension --</subfield>
  </datafield>
  <datafield tag="505" ind1="0" ind2=" ">
    <subfield code="a">pt. II. Application of nutrition principles. 13. Nutritional requirements affecting oral health in women : Health pregnancy ; Lactation ; Oral contraceptive agents ; Menopause ; Health application 13: Fetal alcohol spectrum disorder -- 14. Nutritional requirements during growth and development and eating habits affecting oral health : Infants ; Dietary recommendations and guidelines for growth (children older than 2 years of age) ; Toddler and preschool children ; Attention-deficit/hyperactivity disorders ; Children with special needs ; School-age children (7 to 12 years old) ; Adolescents ; Health application 14: Childhood and adolescent obesity -- 15. Nutritional requirements for older adults and eating habits affecting oral health : General health status ; Physiological factors influencing nutritional needs and status ; Socioeconomic and psychological factors ; Nutrient requirements ; Eating patterns ; MyPlate for older adults ; Health application 15: Genomics -- 16. Food factors affecting health : Healthcare disparities ; Food patterns ; Working with patients with different food patterns ; Food budgets ; Maintaining optimal nutrition during food preparation ; Food fads and misinformation ; Referrals for nutritional resources ; Role of dental hygienists ; Health application 16: Food insecurity in the United States -- 17. Effects of systemic disease on nutritional status and oral health : Effects of chronic disease on intake ; Anemias ; Other hematological disorders ; Gastrointestinal problems ; Cardiovascular conditions ; Skeletal system ; Metabolic problems ; Neuromuscular problems ; Neoplasia ; Acquired immunodeficiency disease ; Mental health problems ; Health application 17: Human papillomavirus --</subfield>
  </datafield>
  <datafield tag="505" ind1="0" ind2=" ">
    <subfield code="a">pt. III. Nutritional aspects of oral health. 18. Nutritional aspects of dental caries: causes, prevention, and treatment : Major factors in the dental caries process ; Other factors influencing carcinogenicity ; Dental plan ; Health application 18: Genetically modified foods -- 19. Nutritional aspects of gingivitis and periodontal disease : Physical effects of food on periodontal health ; Nutritional considerations for periodontal patients ; Gingivitis ; Chronic periodontitis ; Necrotizing periodontal disease ; Health application 19: Tobacco cessation -- 20. Nutritional aspects of alterations in the oral cavity : Orthodontics ; Xerostomia ; Root caries and dentin hypersensitivity ; Dentition status ; Oral and maxillofacial surgery ; Loss of alveolar bone ; Glossitis ; Temporomandibular disorder ; Health application 20: Functional foods -- 21. Nutritional assessment and education for dental patients : Evaluation of the patient ; Assessment of nutritional status ; Identification of nutritional status ; Formation of nutrition treatment plan ; Facilitative communication skills ; Health application 21: Health literacy.</subfield>
  </datafield>
  <datafield tag="650" ind1=" " ind2="7">
    <subfield code="a">Nutrition and dental health.</subfield>
    <subfield code="2">BUEsh</subfield>
    <subfield code="9">40781</subfield>
  </datafield>
  <datafield tag="650" ind1=" " ind2="7">
    <subfield code="a">Dental hygienists.</subfield>
    <subfield code="2">BUEsh</subfield>
    <subfield code="9">40782</subfield>
  </datafield>
  <datafield tag="650" ind1=" " ind2="7">
    <subfield code="a">Nutritional Requirements.</subfield>
    <subfield code="2">BUEsh</subfield>
    <subfield code="9">40783</subfield>
  </datafield>
  <datafield tag="650" ind1=" " ind2="7">
    <subfield code="a">Oral Health.</subfield>
    <subfield code="2">BUEsh</subfield>
    <subfield code="9">40784</subfield>
  </datafield>
  <datafield tag="651" ind1=" " ind2=" ">
    <subfield code="2">BUEsh</subfield>
  </datafield>
  <datafield tag="653" ind1=" " ind2=" ">
    <subfield code="b">DDent</subfield>
    <subfield code="c">August 2016	</subfield>
  </datafield>
  <datafield tag="700" ind1="1" ind2=" ">
    <subfield code="a">Davis, Judi Ratliff.</subfield>
    <subfield code="9">40779</subfield>
  </datafield>
  <datafield tag="856" ind1=" " ind2=" ">
    <subfield code="u">https://evolve.elsevier.com/cs/product/9781455746903?role=student</subfield>
    <subfield code="y">Student resources</subfield>
  </datafield>
  <datafield tag="942" ind1=" " ind2=" ">
    <subfield code="2">ddc</subfield>
    <subfield code="e">22</subfield>
    <subfield code="k">617.601 STE</subfield>
  </datafield>
  <datafield tag="999" ind1=" " ind2=" ">
    <subfield code="c">22185</subfield>
    <subfield code="d">22157</subfield>
  </datafield>
  <datafield tag="952" ind1=" " ind2=" ">
    <subfield code="0">0</subfield>
    <subfield code="1">0</subfield>
    <subfield code="2">ddc</subfield>
    <subfield code="4">0</subfield>
    <subfield code="7">0</subfield>
    <subfield code="8">Academic</subfield>
    <subfield code="a">MAIN</subfield>
    <subfield code="b">MAIN</subfield>
    <subfield code="c">1ST</subfield>
    <subfield code="d">2016-08-16</subfield>
    <subfield code="e">Purchase</subfield>
    <subfield code="g">769.00</subfield>
    <subfield code="h">9126</subfield>
    <subfield code="l">5</subfield>
    <subfield code="m">11</subfield>
    <subfield code="o">617.601 STE</subfield>
    <subfield code="p">000033191</subfield>
    <subfield code="r">2025-07-15 00:00:00</subfield>
    <subfield code="s">2021-10-25</subfield>
    <subfield code="v">961.00</subfield>
    <subfield code="y">BB</subfield>
  </datafield>
</record>
